[Event "Asian Zonal-ch 3.5 Women 2019"]
[Site "Zi Bo"]
[Date "2019.09.09"]
[Round "8.1"]
[White "Gu, Tianlu"]
[Black "Zhu, Jiner"]
[Result "1/2-1/2"]
[WhiteElo "2239"]
[BlackElo "2471"]
[Annotator "TA"]
[PlyCount "134"]
[EventDate "2019.09.05"]
[EventType "swiss"]
[EventCountry "CHN"]
[SourceTitle "playchess.com"]
[Source "ChessBase"]
[SourceQuality "1"]

{[%evp 9,134,8,0,0,0,-14,71,-4,-4,-4,-8,-11,30,10,14,17,29,31,40,34,177,161,168,175,167,164,178,170,163,168,175,185,187,142,142,111,101,116,269,256,281,281,607,410,415,402,410,364,498,489,1038,1035,970,1016,1015,1011,998,581,725,758,705,509,490,282,271,112,152,0,0,-89,-46,-41,-52,-44,-50,-36,-18,-15,-6,-6,-6,-6,0,-10,-5,-11,0,0,0,0,7,5,8,5,61,-8,-8,-10,-11,-30,-8,-15,-13,-12,-12,-16,0,0,0,-12,0,0,0,0,0,0,0,0,0,0,0,0,54,0,0,0,64]} 1. e4 e5 2. Nf3 Nc6 3. Nc3 Nf6 4. a3 g6 (4... d5 5. exd5 Nxd5 6. Nxe5 Nxe5 7. Qe2 f6 8. d4 Nxc3 9. bxc3 Qd5 10. Bb2 Bd6 11. dxe5 Qxe5 12. O-O-O Qxe2 13. Bxe2 Be6 {½-½ (37) Nepomniachtchi,I (2775)-Grischuk,A (2766) Paris 2019}) 5. d4 exd4 6. Nxd4 {C47: Scotch Four Knights and Four Knights with 4 g3} Bg7 7. Be3 d6 (7... O-O $11) 8. Be2 (8. Qd2 $1 $16) 8... O-O $11 9. O-O Re8 $146 ({Predecessor:} 9... Bd7 10. f4 Nxd4 11. Bxd4 Bc6 12. Bf3 {½-½ (41) Lee,F-Mueller,O Manchester 1890}) 10. f3 Bd7 11. Nb3 Qe7 12. Qd2 a6 13. Rfe1 Ne5 14. Bg5 Qf8 (14... Qd8 $14) 15. f4 $1 $36 {[%mdl 2048] White is in control.} Nc6 {[#]} 16. e5 $1 {[%cal Re5f6][%mdl 512]} Ng4 (16... dxe5 17. Bxf6) 17. Nd5 h6 18. Bh4 (18. Nxc7 hxg5 19. h3 Nh6 $17) 18... g5 19. Bxg4 ({But not} 19. Nxc7 $6 gxh4 20. c3 (20. Nxe8 Rxe8 21. Bf3 Be6 $14) (20. Nxa8 Rxa8 21. Rad1 Rd8 $14) 20... Rad8 $16) 19... Bxg4 20. fxg5 Rxe5 21. gxh6 (21. Nxc7 Rc8 $16) 21... Bxh6 22. Nf6+ Kh8 23. Qc3 Bf5 $2 (23... Qg7 $16 {keeps fighting.}) 24. Rxe5 dxe5 {[#]} 25. Rf1 $1 {[%cal Rf1f5]} Qc8 $2 (25... Bc8 26. Nc5 Qd6) 26. Qf3 {And now Qh5! would win.} Bg6 27. Ng4 Bg7 28. Bf6 Qf8 29. Qh3+ Kg8 (29... Bh7 $142 30. Qh5 Bxf6) 30. Bxg7 Qxg7 31. Nf6+ Kf8 32. Nc5 Nd4 33. Ncd7+ Ke7 34. Qe3 Ne6 35. Qxe5 {Nc5 is the strong threat.} b6 36. Re1 (36. Qc3 $142 Rd8 37. Qc6) 36... Rd8 37. Rd1 ({Resist} 37. Qxc7 $6 Rxd7 38. Qxd7+ Kxf6 $16) (37. Qd5 $18 {and White stays clearly on top.}) 37... Bxc2 $16 {[#]} 38. Rc1 $2 (38. Rd4 $1 $16) 38... Ba4 $11 39. Nh5 (39. Rxc7 $11 Bxd7 40. Nd5+ {[%mdl 64] Double Attack} Ke8 41. Nf6+ Ke7 42. Nd5+ {[%mdl 64] Double Attack} Ke8 43. Nf6+ Ke7) 39... Qh6 40. Qf6+ Qxf6 41. Ndxf6 Rd2 42. b4 Rd3 43. Rc3 Rd1+ 44. Kf2 Rd2+ 45. Kg3 Bc2 46. Ng4 Bd1 {Threatening ...f5.} 47. Nhf6 Bxg4 48. Nxg4 {[%mdl 4096] Endgame KRN-KRN} f5 49. Ne5 f4+ 50. Kf3 Kf6 {Strongly threatening ...Kf5.} 51. Nd3 Rd1 (51... Nd4+ $11 52. Kxf4 Rxg2) 52. Ke2 ({White should play} 52. Kg4 $1 $14) 52... Rh1 53. Kf3 Kf5 54. h3 Nd4+ 55. Kf2 Rd1 56. Ne1 $1 Rd2+ 57. Kf1 Ke4 58. Rxc7 Nf5 59. Rc4+ Ke3 {aiming for ...Ng3+.} 60. Rc3+ Kd4 61. Rc6 Ne3+ 62. Kg1 Re2 63. Nf3+ Ke4 64. Re6+ Kd3 65. Rd6+ Ke4 (65... Kc4 $11) 66. Re6+ (66. Rd4+ $14 Kf5 67. Rd2 Rxd2 68. Nxd2) 66... Kd3 67. Rd6+ ({White should try} 67. Ne5+ $11 Kc3 68. Ng6 Rxg2+ 69. Kh1) 67... Ke4 {Accuracy: White = 63%, Black = 49%.} 1/2-1/2

[Event "Asian Zonal-ch 3.5 Women 2019"]
[Site "Zi Bo"]
[Date "2019.09.09"]
[Round "8.2"]
[White "Lei, Tingjie"]
[Black "Zhai, Mo"]
[Result "1-0"]
[WhiteElo "2483"]
[BlackElo "2360"]
[Annotator "TA"]
[PlyCount "57"]
[EventDate "2019.09.05"]
[EventType "swiss"]
[EventCountry "CHN"]
[SourceTitle "playchess.com"]
[Source "ChessBase"]
[SourceQuality "1"]

{[%evp 10,57,12,-9,34,31,37,34,35,19,33,38,57,72,53,64,93,95,174,113,126,106,187,145,162,163,170,178,146,159,160,163,158,159,150,163,156,153,170,180,152,164,279,278,710,711,781,800,839,833]} 1. d4 Nf6 2. c4 e6 3. Nc3 Bb4 4. Qc2 O-O 5. e4 d6 6. e5 Nfd7 {E32: Nimzo-Indian: Classical (4 Qc2): 4...0-0} (6... dxe5 7. dxe5 Nfd7 8. Nf3 Nc6 9. Ng5 g6 10. f4 Nc5 11. Be3 f6 12. exf6 Qxf6 13. O-O-O Bxc3 14. Qxc3 Qxc3+ 15. bxc3 {1-0 (25) Vallejo Pons,F (2695)-Predke,A (2622) St Petersburg 2018}) 7. Nf3 c5 8. exd6 cxd4 {White is slightly better.} 9. Nxd4 Bxd6 10. Be3 a6 11. O-O-O {And now Nxe6! would win.} Qe7 12. h4 $146 ({Predecessor:} 12. Bd3 g6 13. h4 Ne5 14. Be2 {1-0 (59) Zahedifar,A (2104)-Alinasab,M (2078) Teheran 2016}) 12... Ne5 13. Be2 b5 {[#]} (13... f5 $16 {keeps fighting.}) 14. cxb5 (14. Ne4 $1 $18 {Black must now prevent Nf3.} Nxc4 15. Bxc4 bxc4 16. Nf3 (16. Qxc4 Bb7 $16)) 14... Bb7 15. f4 Ng6 (15... Ned7 $16 {was called for.}) 16. f5 $18 Nf4 17. fxe6 fxe6 18. Bc4 {Threatens to win with Rhf1.} axb5 19. Ncxb5 Bd5 20. Bxf4 Bxf4+ 21. Kb1 {Strongly threatening Bxd5.} Rc8 {[#]} 22. Nf5 $1 {[%cal Rf5e7][%mdl 512]} Qf8 (22... exf5 23. Bxd5+) 23. Rxd5 {[%mdl 64] Decoy} exd5 {[#]} 24. Ne7+ $1 {[%mdl 576] Double Attack} Kh8 (24... Qxe7 25. Bxd5+) 25. Nxc8 dxc4 (25... Na6 {is a better defense.}) 26. Rf1 ({Resist} 26. Qxc4 $6 Nc6 $18) 26... Nc6 $2 {[#]} (26... Ra6 27. Qxc4 Qf5+ 28. Qc2 (28. Ka1 Rc6 $18) 28... Qxc2+ 29. Kxc2 g5) 27. Ncd6 $1 {[%mdl 512] White is clearly winning.} Qf6 (27... Bxd6 28. Rxf8+) 28. Qe4 Rf8 29. g3 {Accuracy: White = 90%, Black = 47%.} 1-0

[Event "Asian Zonal-ch 3.5 Women 2019"]
[Site "Zi Bo"]
[Date "2019.09.09"]
[Round "8.3"]
[White "Yan, Tianqi"]
[Black "Huang, Qian"]
[Result "0-1"]
[WhiteElo "2122"]
[BlackElo "2429"]
[Annotator "TA"]
[PlyCount "100"]
[EventDate "2019.09.05"]
[EventType "swiss"]
[EventCountry "CHN"]
[SourceTitle "playchess.com"]
[Source "ChessBase"]
[SourceQuality "1"]

{[%evp 9,198,44,62,56,43,45,62,39,50,38,47,42,37,41,66,65,70,64,87,35,83,80,66,45,43,45,51,-13,-8,-68,-69,-66,-65,-56,-52,-108,-27,-46,-18,-22,-20,-14,-11,-12,-17,-22,0,-4,-4,-7,-4,-3,-8,-11,0,0,0,0,0,-152,-152,-151,-151,-151,106,-134,-134,-114,-100,-181,-181,-181,-181,-219,-181,-260,-256,-260,-248,-389,-218,-618,-627,-632,-632,-632,-632,-618,-586,-1467,-610,-2567,-610,-592,-592,-562,-552,-531,-504,-29983,-29984,-29984,-29985,-29986,-29982,-29985,0,-29986,-29985,-29985,-29985,-29985,-29986,-29986,-29987,-29988,-29985,-29986,-29972,-29970,-29969,-29969,-29970,-29970,-29971,-29973,-29971,-29971,-29972,-29972,-29974,-29976,-29977,-29980,-29977,-29975,0,-29979,-29978,-29979,-29980,-29981,-29982,-29983,-29979,-29979,-29978,-29981,-29982,-29982,-29976,-29975,0,-29982,-29983,-29984,-29980,-29986,-29981,-29982,-29982,-29978,-6104,-5737,-5622,-6104,-6104,-1458,-1307,-29964,-29968,-5341,-5679,-1708,-1293,-29975,-29977,-29976,-29977,-29975,-880,-29984,-29985,-29985,-29986,-29986,-29987,-29987,-29988,-29988,-29989]} 1. e4 d5 2. exd5 Qxd5 3. Nc3 Qd8 4. d4 Nf6 5. Nf3 g6 6. Bc4 {B01: Scandinavian Defence} (6. Be2 Bg7 7. O-O O-O 8. h3 Nc6 9. Be3 b6 10. Qd2 Bb7 11. Rad1 e6 12. Bh6 Ne7 13. Bxg7 Kxg7 {½-½ (23) Giri,A (2783)-Nakamura,H (2746) St Petersburg 2018}) 6... Bg7 7. O-O O-O 8. Re1 {White is slightly better.} Nc6 9. h3 b6 10. Bg5 Bb7 11. Qd2 e6 12. Rad1 Ne7 13. Ne5 a6 $146 ({Predecessor:} 13... Nf5) 14. a3 (14. Bb3 $16) 14... Rc8 15. Qe2 {And now Nxf7! would win.} b5 16. Bb3 {Threatens to win with Nxf7!} Qd6 17. Bf4 Qb6 18. a4 (18. Qd2 $14) 18... b4 $11 19. Nb1 (19. Bg5 $11 bxc3 20. Bxf6 Bxf6 21. Nd7 {[%mdl 64] Double Attack}) 19... Nf5 $15 20. Be3 Nxe3 21. Qxe3 Rcd8 22. Bc4 ({White should play} 22. Nc4 $15 Qa7 23. c3) 22... Nd5 (22... Ne4 $17 23. a5 Qd6) 23. Bxd5 $11 Rxd5 24. c4 bxc3 25. Nxc3 Rdd8 26. b4 Ba8 27. b5 Qa7 28. Qf4 axb5 $40 {[%mdl 128] Black mounts an attack.} 29. axb5 Qa5 30. Rc1 Qb4 31. Red1 Rd6 32. Qe3 {Strongly threatening Rb1.} Rdd8 33. Qf4 Qd6 34. Ne4 $2 (34. Qe3 $11) 34... Bxe5 $1 $17 35. dxe5 Qxd1+ 36. Rxd1 Rxd1+ 37. Kh2 {Nf6+ is the strong threat.} Bxe4 $1 38. Qxe4 {[%mdl 4096] Endgame KQ-KRR} Rd5 (38... Rfd8 {keeps more tension.} 39. g4 R1d2 40. Kg2 R8d5 41. Qc4 Kg7) 39. Qc4 (39. h4 $17) 39... Rxe5 $19 40. Qxc7 Rxb5 41. Qc2 Rd5 42. Qb2 (42. h4 $142) 42... Rfd8 43. Qc3 h5 44. Qf6 (44. Qc7 {keeps fighting.}) 44... R8d7 (44... Rd2 $142 45. Qg5 R8d5) 45. g4 $2 (45. f3) 45... hxg4 46. hxg4 Rd3 47. Kg2 R7d4 48. Qg5 Rb4 49. Kh2 {[#]} Rb2 $1 50. Qc5 Rf3 {Played: Rd3-d2} 0-1

[Event "Asian Zonal-ch 3.5 Women 2019"]
[Site "Zi Bo"]
[Date "2019.09.09"]
[Round "8.4"]
[White "Ren, Xiaoyi"]
[Black "Li, Xueyi"]
[Result "1-0"]
[WhiteElo "2231"]
[BlackElo "2323"]
[Annotator "TA"]
[PlyCount "51"]
[EventDate "2019.09.05"]
[EventType "swiss"]
[EventCountry "CHN"]
[SourceTitle "playchess.com"]
[Source "ChessBase"]
[SourceQuality "1"]

{[%evp 13,51,22,51,18,49,20,38,10,9,8,8,0,14,8,27,8,33,13,2,0,12,0,0,0,0,0,6,14,7,14,282,282,282,275,280,279,275,271,267,274]} 1. d4 d5 2. c4 c6 3. Nf3 Nf6 4. Nc3 g6 5. cxd5 cxd5 6. Bf4 Bg7 7. e3 O-O 8. h3 {D90: Grünfeld: 4 Nf3 Bg7 sidelines} Qb6 (8... Nc6 9. Be2 h6 10. O-O Ne4 11. Rc1 Nxc3 12. Rxc3 Qb6 13. Qb3 g5 14. Bg3 Qxb3 15. Rxb3 Rd8 16. Rc1 e6 17. h4 {½-½ (149) Sarana,A (2577)-Xu,X (2545) chess.com INT 2018}) 9. Rb1 Nc6 10. Be2 $146 {White is slightly better.} ({Predecessor:} 10. a3 Bf5 11. Bd3 Bxd3 12. Qxd3 a6 13. O-O Qd8 {1-0 (74) Abramovic,D (2109)-Zelic,B (2331) Bol 2014}) 10... Bf5 11. Bd3 Bxd3 12. Qxd3 Rac8 13. O-O e6 14. Rfc1 Nd7 15. a3 Na5 16. b4 {[%cal Bb2b4,Bb4c5,Bc5b6,Bb6a7][%mdl 32]} Nc4 17. Na4 Qa6 18. Nc5 Nxc5 19. bxc5 b6 20. Bd6 $36 {[%mdl 2048] White is pushing.} Rfd8 21. Nd2 $1 {[%cal Rd2c4]} Qxa3 $2 {[%mdl 8192]} (21... bxc5 $11 22. Be7 Qxa3 23. Qxa3 Nxa3) 22. Qxa3 $18 {White has a decisive advantage.} Nxa3 23. cxb6 {[%mdl 64] [#] Discovered Attack} Rxc1+ ({But not} 23... Nxb1 24. Rxc8 Rxc8 25. b7 $18) 24. Rxc1 {And now b7 would win.} Rxd6 25. Rc8+ Bf8 26. bxa7 {Accuracy: White = 50%, Black = 45%.} 1-0

[Event "Asian Zonal-ch 3.5 Women 2019"]
[Site "Zi Bo"]
[Date "2019.09.09"]
[Round "8.5"]
[White "Li, Yunshan"]
[Black "Hu, Yu A."]
[Result "1/2-1/2"]
[WhiteElo "2261"]
[BlackElo "2105"]
[Annotator "ChessBase"]
[PlyCount "74"]
[EventDate "2019.09.05"]
[EventType "swiss"]
[EventCountry "CHN"]
[SourceTitle "playchess.com"]
[Source "ChessBase"]
[SourceQuality "1"]
[TimeControl "5400+30"]

1. d4 {[%emt 0:00:00]} Nf6 {[%emt 0:00:36]} 2. c4 {[%emt 0:00:00]} e6 {[%emt 0:00:14]} 3. Nc3 {[%emt 0:00:00]} d5 {[%emt 0:01:29]} 4. cxd5 {[%emt 0:00:15]} exd5 {[%emt 0:00:37]} 5. Bg5 {[%emt 0:00:06]} Be7 {[%emt 0:00:38]} 6. e3 {[%emt 0:00:17]} c6 {[%emt 0:00:36]} 7. Bd3 {[%emt 0:00:26]} Nbd7 {[%emt 0:00:18]} 8. Qc2 {[%emt 0:00:41]} Nh5 {[%emt 0:00:25]} 9. Bxe7 {[%emt 0:00:25]} Qxe7 {[%emt 0:00:09]} 10. Nge2 {[%emt 0:01:21]} g6 {[%emt 0:01:25]} 11. O-O {[%emt 0:01:19]} O-O {[%emt 0:00:17]} 12. Rab1 {[%emt 0:01:09]} Nb6 {[%emt 0:08:47]} 13. b4 {[%emt 0:06:04]} Be6 {[%emt 0:06:54]} 14. Na4 {[%emt 0:08:44]} Nxa4 {[%emt 0:05:14]} 15. Qxa4 {[%emt 0:00:16]} a6 {[%emt 0:00:19]} 16. Qb3 {[%emt 0:06:46]} Ng7 {[%emt 0:01:54]} 17. a4 {[%emt 0:02:26]} Bf5 {[%emt 0:05:03]} 18. Rfc1 {[%emt 0:03:52]} Rfc8 {[%emt 0:04:42]} 19. h3 {[%emt 0:14:42]} Bxd3 {[%emt 0:01:41]} 20. Qxd3 {[%emt 0:00:10]} Nf5 {[%emt 0:00:06]} 21. b5 {[%emt 0:03:55]} axb5 {[%emt 0:00:07]} 22. axb5 {[%emt 0:00:04]} Nd6 {[%emt 0:00:12]} 23. bxc6 {[%emt 0:03:27]} bxc6 {[%emt 0:00:17]} 24. Nf4 {[%emt 0:01:15]} Nc4 {[%emt 0:00:34]} 25. Ra1 {[%emt 0:06:46]} Rcb8 {[%emt 0:27:19]} 26. g3 {[%emt 0:01:41]} Rxa1 {[%emt 0:02:15]} 27. Rxa1 {[%emt 0:00:02]} Rb2 {[%emt 0:00:07]} 28. Re1 {[%emt 0:02:20]} Qb4 {[%emt 0:00:43]} 29. Rc1 {[%emt 0:04:34]} Qa4 {[%emt 0:09:40]} 30. e4 {[%emt 0:07:10]} Rd2 {[%emt 0:00:51]} 31. Qf3 {[%emt 0:00:56]} dxe4 {[%emt 0:01:20]} 32. Qxe4 {[%emt 0:00:37]} Rd1+ {[%emt 0:00:04]} 33. Rxd1 {[%emt 0:00:18]} Qxd1+ {[%emt 0:00:04]} 34. Kg2 {[%emt 0:00:23]} Nd2 {[%emt 0:00:32]} 35. Qd3 {[%emt 0:03:05]} Qe1 {[%emt 0:00:16]} 36. Qe2 {[%emt 0:01:27]} Qxe2 {[%emt 0:01:45]} 37. Nxe2 {[%emt 0:00:07]} Kf8 {[%emt 0:00:17]} 1/2-1/2

[Event "Asian Zonal-ch 3.5 Women 2019"]
[Site "Zi Bo"]
[Date "2019.09.09"]
[Round "8.6"]
[White "Song, Yuxin"]
[Black "Ning, Kaiyu"]
[Result "1/2-1/2"]
[WhiteElo "2305"]
[BlackElo "2354"]
[Annotator "TA"]
[PlyCount "103"]
[EventDate "2019.09.05"]
[EventType "swiss"]
[EventCountry "CHN"]
[SourceTitle "playchess.com"]
[Source "ChessBase"]
[SourceQuality "1"]

{[%evp 25,103,0,0,0,0,0,0,-13,-1,-7,0,-21,-7,-30,0,-5,-8,-14,-26,-28,-6,-23,-18,-43,0,-13,3,2,0,-9,-9,-15,-7,-21,-25,-25,-29,-18,-26,-93,-31,-55,-49,-89,-92,-97,-75,-175,-192,-185,-183,-195,-189,-235,-201,-195,0,0,0,-70,0,0,0,0,0,0,0,0,0,0,0,0,0,0,0,0,0,-93,0,0]} 1. e4 e6 2. d4 d5 3. Nd2 c5 4. exd5 Qxd5 5. Ngf3 cxd4 6. Bc4 Qd7 7. O-O Nf6 8. Nb3 Nc6 9. Nbxd4 Nxd4 10. Nxd4 a6 11. c3 Qc7 12. Bb3 Bd6 13. h3 O-O 14. Bg5 {C07: French Tarrasch: 3...c5, 4 Ngf3 and 4 exd5 Qxd5} Ne4 (14... Bh2+ 15. Kh1 Bf4 16. Bxf4 Qxf4 {½-½ (16) Kindermann,S (2515)-Castellanos Rodriguez,R (2484) Ortisei 2016}) 15. Be3 b5 16. Qe2 Bb7 17. Rfd1 Rfd8 18. Bc2 Nc5 19. Bg5 $146 ({Predecessor:} 19. b4 Nd7 20. Bg5 Re8 21. Qd3 Nf8 22. a4 bxa4 23. Bxa4 {½-½ (37) Tsuboi,E (2341)-De Souza,M (2366) Americana 2001}) 19... Be7 20. Qh5 g6 21. Qh4 Bxg5 22. Qxg5 Rd5 23. Qf6 Re8 24. Ne2 e5 (24... Red8 {with more complications.} 25. Rxd5 Rxd5 26. Re1 Nd3 27. Bxd3 Rxd3 28. Nf4 Qd8) 25. Ng3 Re6 (25... a5 {is interesting.} 26. Nf1 Qd8 27. Qxd8 Rdxd8 28. Ne3 Kg7) 26. Qg5 Qe7 $36 {[%mdl 2048] White is under pressure.} 27. Qxe7 Rxe7 28. b4 {Threatens to win with Rxd5.} Ne6 29. Be4 Rxd1+ 30. Rxd1 Bxe4 31. Nxe4 $11 {[%mdl 4096] Endgame KRN-KRN} f5 32. Ng3 (32. Nc5 $11) 32... Kf7 (32... Nf4 $1 $17 33. Rd6 Rc7 34. Rxa6 Rxc3) 33. Rd6 Ra7 34. Rd5 e4 35. Ne2 Ke7 $1 36. f3 {[#]} (36. a4 $17 {keeps fighting.}) 36... exf3 $1 $19 37. gxf3 {[#]} Rd7 $1 {[%cal Rd7d5]} 38. Rxd7+ Kxd7 {KN-KN} 39. Kf2 Kd6 40. Ke3 Ke5 $2 ({Black should try} 40... g5 $19 41. Kf2 Ke5) 41. f4+ $1 $11 Kd5 {White must now prevent ...Kc4.} 42. Kd3 (42. Nd4 $1 $11) 42... Ng7 (42... g5 $1 $15 43. fxg5 Nxg5) 43. Ng3 Ne8 44. Nf1 Nc7 45. Ne3+ Kd6 46. c4 Ne6 47. c5+ Kc6 48. Ng2 {[#]} a5 $1 {[%mdl 512]} 49. a3 (49. bxa5 Kxc5) 49... axb4 50. axb4 Kd5 51. Ne3+ Kc6 52. Ng2 {Accuracy: White = 35%, Black = 57%.} 1/2-1/2

[Event "Asian Zonal-ch 3.5 Women 2019"]
[Site "Zi Bo"]
[Date "2019.09.09"]
[Round "8.7"]
[White "Zhang, Xiao"]
[Black "Zhang, Yuxuan"]
[Result "1-0"]
[WhiteElo "2073"]
[BlackElo "1979"]
[Annotator "NA"]
[PlyCount "45"]
[EventDate "2019.09.05"]
[EventType "swiss"]
[EventCountry "CHN"]
[SourceTitle "playchess.com"]
[Source "ChessBase"]
[SourceQuality "1"]
[TimeControl "5400+30"]

1. d4 {[%emt 0:00:00]} Nf6 {[%emt 0:00:00]} 2. c4 {[%emt 0:00:00]} g6 {[%emt 0:00:00]} 3. Nf3 {[%emt 0:00:00]} Bg7 {[%emt 0:00:00]} 4. g3 {[%emt 0:00:04]} O-O {[%emt 0:00:00]} 5. Bg2 {[%emt 0:00:03]} d6 {[%emt 0:00:02]} 6. O-O {[%emt 0:00:07]} Nc6 {[%emt 0:00:04]} 7. Nc3 {[%emt 0:00:04]} Bf5 {[%emt 0:00:09]} 8. Ne1 {[%emt 0:01:00]} Qd7 {[%emt 0:01:54]} 9. e4 {[%emt 0:01:29]} Bh3 {[%emt 0:00:07]} 10. Nf3 {[%emt 0:02:22]} Bxg2 {[%emt 0:04:03]} 11. Kxg2 {[%emt 0:00:02]} e5 {[%emt 0:00:27]} 12. d5 {[%emt 0:04:08]} Ne7 {[%emt 0:00:15]} 13. a4 {[%emt 0:04:08]} a5 {[%emt 0:00:58]} 14. c5 {[%emt 0:01:41]} Ne8 {[%emt 0:00:31]} 15. Qb3 {[%emt 0:05:53]} dxc5 {[%emt 0:06:06]} 16. Qxb7 {[%emt 0:00:16]} Nd6 {[%emt 0:00:05]} 17. Qb3 {[%emt 0:00:14]} Rfb8 {[%emt 0:00:22]} 18. Qc2 {[%emt 0:05:28]} f5 {[%emt 0:02:24]} 19. Re1 {[%emt 0:04:44]} Nxe4 {[%emt 0:06:19]} 20. Nxe4 {[%emt 0:00:27]} fxe4 {[%emt 0:00:05]} 21. Ng5 {[%emt 0:17:13]} Qxd5 {[%emt 0:13:36]} 22. Rd1 {[%emt 0:00:10]} Qb3 {[%emt 0:00:57]} 23. Rd8+ {[%emt 0:00:04]} 1-0

[Event "Asian Zonal-ch 3.5 Women 2019"]
[Site "Zi Bo"]
[Date "2019.09.09"]
[Round "8.8"]
[White "Zhou, Zirun"]
[Black "Zhang, Lanlin"]
[Result "1/2-1/2"]
[WhiteElo "2155"]
[BlackElo "2203"]
[Annotator "ChessBase"]
[PlyCount "135"]
[EventDate "2019.09.05"]
[EventType "swiss"]
[EventCountry "CHN"]
[SourceTitle "playchess.com"]
[Source "ChessBase"]
[SourceQuality "1"]
[TimeControl "5400+30"]

1. d4 {[%emt 0:00:00]} d5 {[%emt 0:00:39]} 2. c4 {[%emt 0:00:00]} e6 {[%emt 0:00:03]} 3. Nc3 {[%emt 0:00:00]} a6 {[%emt 0:00:03]} 4. cxd5 {[%emt 0:01:47]} exd5 {[%emt 0:02:34]} 5. Nf3 {[%emt 0:00:18]} h6 {[%emt 0:00:04]} 6. Bf4 {[%emt 0:08:06]} Nf6 {[%emt 0:00:22]} 7. e3 {[%emt 0:00:41]} Bd6 {[%emt 0:00:18]} 8. Bxd6 {[%emt 0:01:54]} Qxd6 {[%emt 0:00:08]} 9. Bd3 {[%emt 0:01:34]} O-O {[%emt 0:01:33]} 10. O-O {[%emt 0:00:58]} b6 {[%emt 0:01:17]} 11. Qc2 {[%emt 0:09:55]} Bb7 {[%emt 0:03:01]} 12. e4 {[%emt 0:01:18]} dxe4 {[%emt 0:05:52]} 13. Nxe4 {[%emt 0:00:07]} Bxe4 {[%emt 0:09:34]} 14. Bxe4 {[%emt 0:00:08]} Nxe4 {[%emt 0:13:07]} 15. Qxe4 {[%emt 0:00:07]} Nd7 {[%emt 0:00:04]} 16. Rac1 {[%emt 0:00:20]} Nf6 {[%emt 0:00:17]} 17. Qe5 {[%emt 0:00:35]} Rac8 {[%emt 0:01:00]} 18. Rc2 {[%emt 0:06:00]} Rfe8 {[%emt 0:02:56]} 19. Qxd6 {[%emt 0:00:17]} cxd6 {[%emt 0:00:08]} 20. Rfc1 {[%emt 0:00:05]} Rxc2 {[%emt 0:00:06]} 21. Rxc2 {[%emt 0:00:03]} Nd5 {[%emt 0:00:03]} 22. Kf1 {[%emt 0:02:38]} Kf8 {[%emt 0:00:09]} 23. a3 {[%emt 0:01:45]} Rb8 {[%emt 0:01:16]} 24. g3 {[%emt 0:01:27]} Ke7 {[%emt 0:00:08]} 25. Nd2 {[%emt 0:04:56]} Kd7 {[%emt 0:01:10]} 26. Ke2 {[%emt 0:05:59]} b5 {[%emt 0:00:09]} 27. Kd3 {[%emt 0:02:38]} a5 {[%emt 0:01:05]} 28. b3 {[%emt 0:10:03]} Re8 {[%emt 0:00:40]} 29. Rc1 {[%emt 0:01:06]} f5 {[%emt 0:00:16]} 30. Nf1 {[%emt 0:09:33]} f4 {[%emt 0:00:45]} 31. Ra1 {[%emt 0:02:00]} g5 {[%emt 0:04:52]} 32. Kd2 {[%emt 0:04:51]} Nf6 {[%emt 0:07:08]} 33. f3 {[%emt 0:00:55]} Nd5 {[%emt 0:03:52]} 34. Re1 {[%emt 0:00:31]} Rc8 {[%emt 0:00:04]} 35. Rc1 {[%emt 0:00:07]} Rh8 {[%emt 0:00:02]} 36. Rd1 {[%emt 0:05:37]} Rb8 {[%emt 0:05:18]} 37. Ra1 {[%emt 0:00:22]} a4 {[%emt 0:00:21]} 38. Rb1 {[%emt 0:00:14]} Ra8 {[%emt 0:03:46]} 39. bxa4 {[%emt 0:00:25]} Rxa4 {[%emt 0:00:04]} 40. Rxb5 {[%emt 0:00:06]} Kc6 {[%emt 0:00:31]} 41. Rb3 {[%emt 0:02:04]} Rxd4+ {[%emt 0:00:09]} 42. Rd3 {[%emt 0:00:05]} Ra4 {[%emt 0:00:04]} 43. Ke2 {[%emt 0:01:06]} h5 {[%emt 0:00:52]} 44. Nd2 {[%emt 0:01:08]} Nf6 {[%emt 0:04:18]} 45. Nb3 {[%emt 0:03:19]} d5 {[%emt 0:00:54]} 46. gxf4 {[%emt 0:01:46]} gxf4 {[%emt 0:00:35]} 47. Rd4 {[%emt 0:00:15]} Rxa3 {[%emt 0:02:05]} 48. Rxf4 {[%emt 0:00:06]} Rxb3 {[%emt 0:00:04]} 49. Rxf6+ {[%emt 0:00:06]} Kc5 {[%emt 0:00:01]} 50. Rf8 {[%emt 0:03:25]} Kd4 {[%emt 0:04:00]} 51. Rf4+ {[%emt 0:01:48]} Kc3 {[%emt 0:00:39]} 52. Ke3 {[%emt 0:00:58]} Rb8 {[%emt 0:02:44]} 53. Rh4 {[%emt 0:01:40]} Re8+ {[%emt 0:01:23]} 54. Kf2 {[%emt 0:00:05]} d4 {[%emt 0:01:22]} 55. Rxh5 {[%emt 0:00:06]} d3 {[%emt 0:00:03]} 56. Rc5+ {[%emt 0:01:03]} Kd4 {[%emt 0:00:49]} 57. Rc7 {[%emt 0:00:12]} d2 {[%emt 0:00:23]} 58. Rd7+ {[%emt 0:00:04]} Kc3 {[%emt 0:00:02]} 59. Rc7+ {[%emt 0:00:06]} Kb2 {[%emt 0:00:05]} 60. Rd7 {[%emt 0:00:03]} Kc1 {[%emt 0:00:04]} 61. Rc7+ {[%emt 0:00:05]} Kd1 {[%emt 0:00:07]} 62. h4 {[%emt 0:00:35]} Ra8 {[%emt 0:04:01]} 63. h5 {[%emt 0:00:19]} Ra6 {[%emt 0:01:01]} 64. Rc5 {[%emt 0:01:05]} Rh6 {[%emt 0:01:35]} 65. Kf1 {[%emt 0:00:06]} Rf6 {[%emt 0:00:17]} 66. Kf2 {[%emt 0:00:05]} Rh6 {[%emt 0:00:04]} 67. Kf1 {[%emt 0:00:06]} Rf6 {[%emt 0:01:48]} 68. Kf2 {[%emt 0:00:05]} 1/2-1/2